Court of Appeal Criminal Appeal No.63 of 2000 Kato Abass vs Uganda (Record no. 3278)

MARC details
000 -LEADER
fixed length control field 00580nam a22001217a 4500
008 - FIXED-LENGTH DATA ELEMENTS--GENERAL INFORMATION
fixed length control field 110620t xxu||||| |||| 00| 0 eng d
010 ## - LIBRARY OF CONGRESS CONTROL NUMBER
LC control number CACAF45
245 ## - TITLE STATEMENT
Title Court of Appeal Criminal Appeal No.63 of 2000 Kato Abass vs Uganda
260 ## - PUBLICATION, DISTRIBUTION, ETC. (IMPRINT)
Date of publication, distribution, etc 2000
500 ## - GENERAL NOTE
General note CORAM: HON.G.M. OKELLO, JA.<br/> HON.A.E.M. BAHIGINE, JA.<br/> HON.A TWINOMUJUNI,JA.
500 ## - GENERAL NOTE
General note Appeal from the decision of the high court A.Magezi,J dated 14/8/2000 in criminal Session case No.631 of 1999
Holdings
Withdrawn status Lost status Source of classification or shelving scheme Damaged status Koha normalized classification for sorting Not for loan Location (home branch) Sublocation or collection (holding branch) Shelving location Date acquired Koha issues (times borrowed) Koha full call number Piece designation (barcode) Koha date last seen Price effective from Koha item type
    Dewey Decimal Classification   632000   Law Development Centre Main Library Law Development Centre Main Library Law Reports 06/20/2011   63/2000 63/2000/1 06/20/2011 06/20/2011 Un Reported Cases